<?xml version="1.0" encoding="UTF-8"?>
<record
    xmlns:xsi="http://www.w3.org/2001/XMLSchema-instance"
    xsi:schemaLocation="http://www.loc.gov/MARC21/slim http://www.loc.gov/standards/marcxml/schema/MARC21slim.xsd"
    xmlns="http://www.loc.gov/MARC21/slim">

  <leader>01345nam a22002777a 4500</leader>
  <controlfield tag="001">1166</controlfield>
  <controlfield tag="005">20230808111529.0</controlfield>
  <controlfield tag="008">230807b        cb ||||| |||| 00| 0 khr d</controlfield>
  <datafield tag="020" ind1=" " ind2=" ">
    <subfield code="a">9789924341598</subfield>
  </datafield>
  <datafield tag="040" ind1=" " ind2=" ">
    <subfield code="a">FISKH</subfield>
    <subfield code="b">eng</subfield>
    <subfield code="c">FISKH</subfield>
    <subfield code="d">FISKH</subfield>
  </datafield>
  <datafield tag="082" ind1=" " ind2=" ">
    <subfield code="a">398.21</subfield>
  </datafield>
  <datafield tag="100" ind1=" " ind2=" ">
    <subfield code="a">Sovanrothana, Shin </subfield>
  </datafield>
  <datafield tag="245" ind1=" " ind2=" ">
    <subfield code="a">&#x179C;&#x17B6;&#x179A;&#x17B8;&#x1785;&#x17C1;&#x17C7;&#x17A0;&#x17BE;&#x179A; / </subfield>
  </datafield>
  <datafield tag="260" ind1=" " ind2=" ">
    <subfield code="a">Phnom Penh : </subfield>
    <subfield code="b">Sipar, </subfield>
    <subfield code="c">2022. </subfield>
  </datafield>
  <datafield tag="300" ind1=" " ind2=" ">
    <subfield code="a">24 pages: </subfield>
    <subfield code="b">color illustrations ; </subfield>
    <subfield code="c">22 cm </subfield>
  </datafield>
  <datafield tag="490" ind1=" " ind2=" ">
    <subfield code="a">&#x1781;&#x17D2;&#x1789;&#x17BB;&#x17C6;&#x1785;&#x17C1;&#x17C7;&#x17A2;&#x17B6;&#x1793; </subfield>
  </datafield>
  <datafield tag="505" ind1=" " ind2=" ">
    <subfield code="a">G </subfield>
  </datafield>
  <datafield tag="520" ind1=" " ind2=" ">
    <subfield code="a">&#x1780;&#x17D2;&#x1793;&#x17BB;&#x1784;&#x1796;&#x17C1;&#x179B;&#x1780;&#x17C6;&#x1796;&#x17BB;&#x1784;&#x179A;&#x17C0;&#x1793;&#x17A0;&#x17BE;&#x179A;&#x1787;&#x17B6;&#x1798;&#x17BD;&#x1799;&#x1798;&#x17B7;&#x178F;&#x17D2;&#x178F; &#x200B;&#x1795;&#x17B6;&#x179A;&#x17C9;&#x17B6;&#x200B;&#x178F;&#x17D2;&#x179A;&#x17BC;&#x179C;&#x1794;&#x17B6;&#x1793;&#x179F;&#x178F;&#x17D2;&#x179C;&#x179F;&#x17D2;&#x1791;&#x17B6;&#x17C6;&#x1784;&#x1786;&#x17B6;&#x1794;&#x1799;&#x1780;&#x1791;&#x17C5;&#x17D4; &#x1783;&#x17BE;&#x1789;&#x178A;&#x17BC;&#x1785;&#x17D2;&#x1793;&#x17C1;&#x17C7; &#x179C;&#x17B6;&#x179A;&#x17B8;&#x1780;&#x17CF;&#x17A0;&#x1780;&#x17CB;&#x1791;&#x17C5;&#x1787;&#x17BD;&#x1799; &#x1794;&#x1793;&#x17D2;&#x1791;&#x17B6;&#x1794;&#x17CB;&#x1798;&#x1780;&#x179C;&#x17B6;&#x1780;&#x17CF;&#x17A2;&#x17B6;&#x1785;&#x17A0;&#x17BE;&#x179A;&#x1794;&#x17B6;&#x1793;&#x1785;&#x17B6;&#x1794;&#x17CB;&#x178F;&#x17B6;&#x17C6;&#x1784;&#x1796;&#x17B8;&#x1796;&#x17C1;&#x179B;&#x1793;&#x17C4;&#x17C7;&#x1798;&#x1780; &#x17D4;</subfield>
  </datafield>
  <datafield tag="520" ind1=" " ind2=" ">
    <subfield code="a">While learning how to fly, Phara, a friend of Vary was taken by a hawk. As Vary saw that, he jumped to help his friend, then he knew how to fly also.  </subfield>
  </datafield>
  <datafield tag="521" ind1=" " ind2=" ">
    <subfield code="a">380 
</subfield>
    <subfield code="b">Lexile estimate 
</subfield>
  </datafield>
  <datafield tag="521" ind1=" " ind2=" ">
    <subfield code="a">G 
</subfield>
    <subfield code="b">Raz-Plus 
</subfield>
  </datafield>
  <datafield tag="650" ind1=" " ind2=" ">
    <subfield code="a">&#x179C;&#x17B6;&#x179A;&#x17B8;&#x200B; </subfield>
    <subfield code="v">&#x1798;&#x17B7;&#x178F;&#x17D2;&#x178F;&#x1797;&#x17B6;&#x1796;&#x200B;</subfield>
    <subfield code="x">&#x17A0;&#x17C4;&#x17C7; </subfield>
  </datafield>
  <datafield tag="650" ind1=" " ind2=" ">
    <subfield code="a">Vary </subfield>
    <subfield code="v">Relationship </subfield>
    <subfield code="x">Fly </subfield>
  </datafield>
  <datafield tag="700" ind1=" " ind2=" ">
    <subfield code="a">Sopheap, Siet </subfield>
    <subfield code="c">illustrator </subfield>
  </datafield>
  <datafield tag="942" ind1=" " ind2=" ">
    <subfield code="2">ddc</subfield>
    <subfield code="c">BK</subfield>
    <subfield code="n">0</subfield>
  </datafield>
  <datafield tag="999" ind1=" " ind2=" ">
    <subfield code="c">1166</subfield>
    <subfield code="d">1166</subfield>
  </datafield>
  <datafield tag="952" ind1=" " ind2=" ">
    <subfield code="0">0</subfield>
    <subfield code="1">0</subfield>
    <subfield code="2">ddc</subfield>
    <subfield code="4">0</subfield>
    <subfield code="7">0</subfield>
    <subfield code="8">KH</subfield>
    <subfield code="a">001</subfield>
    <subfield code="b">001</subfield>
    <subfield code="c">KHRS</subfield>
    <subfield code="d">2023-08-07</subfield>
    <subfield code="l">4</subfield>
    <subfield code="o">SOV 398.21</subfield>
    <subfield code="p">2023-0191</subfield>
    <subfield code="r">2026-02-02 09:33:46</subfield>
    <subfield code="s">2026-01-13</subfield>
    <subfield code="t">1</subfield>
    <subfield code="w">2023-08-07</subfield>
    <subfield code="y">BK</subfield>
  </datafield>
  <datafield tag="952" ind1=" " ind2=" ">
    <subfield code="0">0</subfield>
    <subfield code="1">0</subfield>
    <subfield code="2">ddc</subfield>
    <subfield code="4">0</subfield>
    <subfield code="7">0</subfield>
    <subfield code="8">KH</subfield>
    <subfield code="a">001</subfield>
    <subfield code="b">001</subfield>
    <subfield code="c">KHRS</subfield>
    <subfield code="d">2023-08-07</subfield>
    <subfield code="l">1</subfield>
    <subfield code="o">SOV 398.21</subfield>
    <subfield code="p">2023-0192</subfield>
    <subfield code="r">2025-06-09 14:34:21</subfield>
    <subfield code="s">2025-02-14</subfield>
    <subfield code="t">2</subfield>
    <subfield code="w">2023-08-07</subfield>
    <subfield code="y">BK</subfield>
  </datafield>
</record>
